Coureurs de l'équipe cycliste Groupama-FDJ 2022 - Statistiques

Statistiques générales
  • Ce quiz a été pris 205 fois
  • Le résultat moyen est 15 sur 28
Statistiques - réponses
Nat Coureur % Correct
🇫🇷 David Gaudu
96%
🇫🇷 Thibaut Pinot
96%
🇨🇭 Stefan Küng
89%
🇫🇷 Arnaud Démare
86%
🇫🇷 Valentin Madouas
84%
🇱🇺 Kevin Geniets
67%
🇭🇺 Attila Valter
66%
🇱🇹 Ignatas Konovalovas
66%
🇫🇷 Bruno Armirail
56%
🇨🇭 Sébastien Reichenbach
56%
🇮🇹 Jacopo Guarnieri
55%
🇦🇺 Michael Storer
54%
🇫🇷 Olivier Le Gac
54%
🇫🇷 Rudy Molard
54%
🇨🇦 Antoine Duchesne
51%
🇸🇪 Tobias Ludvigsson
47%
🇬🇧 Jake Stewart
46%
🇫🇷 Matthieu Ladagnous
43%
🇬🇧 Lewis Askey
42%
🇳🇱 Ramon Sinkeldam
38%
🇫🇷 Quentin Pacher
37%
🇦🇺 Miles Scotson
35%
🇳🇱 Lars van den Berg
34%
🇫🇷 Anthony Roux
32%
🇳🇱 Bram Welten
28%
🇨🇭 Matteo Badilatti
28%
🇫🇷 Clément Davy
27%
🇨🇭 Fabian Lienhard
26%
Aucun quiz correspondant
Distribution des résultats
% des personnes avec chaque résultat
Percentile par nombre de réponses
Votre historique - résultats
Vous n’avez pas pris ce quiz